000 00900nas a2200277 4500
001 BR2012009670
003 BR-BrBNA
005 20231205121658.0
007 ta
008 230509b bl.|||p| |||| 00| 00por d
040 _aBR-BrBNA
_bpor
_cBiblioteca Nacional de Agricultura
041 _a(Pt)
072 _aQ80
100 1 _aMachado, B.A.S.
100 1 _aNunes, I.L.
100 1 _aPereira, F.V.
100 1 _aDruzian, J.I.
245 1 _aDesenvolvimento e avaliação da eficácia de filmes biodegradáveis de amido de mandioca com nanocelulose como reforço e com extrato de erva-mate como aditivo antioxidante
650 _aAMIDO
650 _aEMBALAGEM
650 _aEXTRATO VEGETAL
650 _aADITIVO
773 0 _tCiência Rural (Brazil)
_xISSN 0103-8478
_g(Nov 2012), v. 42(11) p. 2085-2091
_wBR2012009670
909 _a202311
_bLúcia
_c55
_dLúcia Elande
942 _2AGRIS
_n0
_cANA
999 _c224691
_d224691